|
|
|
|
| LEADER |
00000nam0a2200000 4500 |
| 001 |
99195 |
| 005 |
20231031111612.0 |
| 035 |
|
|
|a (RuTPU)RU\TPU\book\106419
|
| 090 |
|
|
|a 99195
|
| 100 |
|
|
|a 20060629d1972 k y0rusy50 ca
|
| 101 |
0 |
|
|a rus
|
| 102 |
|
|
|a RU
|
| 105 |
|
|
|a a z 001zy
|
| 200 |
1 |
|
|a Явления в околоземном пространстве
|f В. П. Шабанский
|
| 210 |
|
|
|a Москва
|c Наука
|d 1972
|
| 215 |
|
|
|a 272 с.
|c ил.
|
| 320 |
|
|
|a Список литературы: с. 260-269.
|
| 610 |
1 |
|
|a явления
|
| 610 |
1 |
|
|a околоземное пространство
|
| 610 |
1 |
|
|a магнитосфера
|
| 610 |
1 |
|
|a ионосфера
|
| 610 |
1 |
|
|a Земля
|
| 610 |
1 |
|
|a диффузия
|
| 610 |
1 |
|
|a магнитное поле
|
| 610 |
1 |
|
|a плазма
|
| 610 |
1 |
|
|a магнитные бури
|
| 675 |
|
|
|a 550.38
|v 3
|
| 700 |
|
1 |
|a Шабанский
|b В. П.
|g Велиор Петрович
|
| 801 |
|
1 |
|a RU
|b 63413507
|c 20060629
|g PSBO
|
| 801 |
|
2 |
|a RU
|b 63413507
|c 20191108
|g PSBO
|
| 942 |
|
|
|c BK
|